000 01122cam a2200313 4500
001 4503
003 BD-RjUL
005 20211208233913.0
008 131222s1970 enk bs 001 0 eng
020 _a0192153285
035 _a(BD-RjUL)4538
040 _aDLC
_cDLC
_dDLC
_beng
041 _aeng
082 0 0 _a338.9549
_216
_bLEP 1970
100 1 _aLewis, Stephen R.
_98230
245 1 0 _aPakistan: industrialization and trade policies /
_c Stephen R. Lewis, Jr.
260 _aLondon :
_aNew York :
_bPublished for the Development Centre of the Organisation for Economic Co-operation and Development by Oxford U.P.,
_c1970.
300 _axvii, 214 p. ;
_c23 cm.
350 _a55/-
504 _aBibliography: p. [199]-203.
526 _bEconomics
650 0 _aIndustrialization
_zPakistan.
_914233
650 0 _aIndustrial policy
_zPakistan.
_914234
651 0 _aPakistan
_xCommercial policy.
_914235
710 2 _aOrganisation for Economic Co-operation and Development.
_bDevelopment Centre.
_913763
942 _2ddc
_cBK
999 _c4503
_d4503